000 00672nam a22001697a 4500
008 170307b xxu||||| |||| 00| 0 eng d
082 _22016
_aUT 0673
_bC56
100 _919062
_aClaro, Kathlea.
245 _aFactors Affecting Educational Success Among Accounting Majors in UM Digos College.
_cKathlea Claro, Karen C. Conturno, John Larry R. Dean and Baby Dina G. Dela Ganar.
300 _a60 pages;
_b29 cm.
650 0 _919063
_aAccounting
_vAccounting Technology
_xUndergraduate Thesis.
700 _919064
_aClaro, Kathlea.
700 _919065
_aConturno, Karen C.
700 _919066
_aDean, John Laryy R.
700 _919067
_aDela Ganar, Baby Dina G.
942 _2ddc
_cUT
999 _c6349
_d6349